000 00575nam a2200181 i 4500
001 140894
003 ES-MaACL
005 20240514145559.0
007 t|
008 070918s1933 xxk ||||1| eng d
100 1 _aWilenski, R. H.
_9116835
245 1 0 _aJohn Ruskin
_b: an introduction to further study of his life and work /
_cby R. H. Wilenski.
260 _aLondon :
_bFaber,
_c1933.
300 _a405 p. ;
_c23 cm.
600 0 4 _aRuskin, John,
_d1819-1900
_xCrítica e interpretación
_9101027
852 _aES-MaACL
_jA-2688
999 _c140894
_d140894